000 01001nam a22002297a 4500
005 20240530110611.0
008 160809s2013 ua ak f b 000 0 ara d
017 _a2012/23607
_bليبيا . دار الكتب الوطنية
020 _a9789774951336
040 _aEG-CaGPL
082 0 4 _221
_a364.17\
_bد م
100 0 _aدينا عمر فرحان مرعى
245 1 0 _aمكافحة المواقع الاباحية على شبكة الانترنت :
_bالمشكلة و التاثير و اساليب المكافحة /
_cدينا عمر فرحان مرعى
250 _aط. 1
260 _aالقاهرة :
_bدار العالم العربى ،
_c2013 .
300 _a500 ص. :
_bايض ؛
_c24 سم +
_eجداول .
490 0 _aسلسلة اتجاهات حديثة فى الاعلام
650 0 4 _aالانترنت
650 0 4 _aالحاسبات الالكترونية
_xمواقع
_xمراقبة
650 0 4 _aالانترنت
_xمواقع اباحية
_xمكافحة
942 _2ddc
_cBK
999 _c62862
_d62862